[Event "Puspokladany Arnoth Memorial 10th"]
[Site "Puspokladany"]
[Date "2017.07.27"]
[Round "3"]
[White "Szurovszky, Elek"]
[Black "Palagyi, Csaba"]
[Result "1-0"]
[WhiteElo "2093"]
[BlackElo "1896"]
[PlyCount "90"]
[EventDate "2017.07.26"]
[EventType "swiss"]
[EventRounds "9"]
[EventCountry "HUN"]
[SourceTitle "EXT 2019"]
[Source "ChessBase"]
[SourceDate "2018.10.10"]
[SourceVersion "1"]
[SourceVersionDate "2018.10.10"]
[SourceQuality "1"]

1. e4 c5 2. Nf3 Nc6 3. d4 cxd4 4. Nxd4 e5 5. Nb5 d6 6. N1c3 a6 7. Na3 b5 8. Nd5 Nce7 9. c4 Nxd5 10. cxd5 Nf6 11. Bd3 Be7 12. 0-0 0-0 13. f4 Ng4 14. Qe2 exf4 15. Bxf4 Bg5 16. Nc2 Qf6 17. Bg3 Qe7 18. Rae1 Ne5 19. Kh1 Bg4 20. Rf3 Bh4 21. Nd4 Bxg3 22. hxg3 g6 23. Qe3 Bxf3 24. gxf3 Kg7 25. Kg2 h5 26. f4 Ng4 27. Qe2 Qd7 28. Qf3 Rae8 29. Nc6 f6 30. Bb1 Rc8 31. Qd3 Ne5 32. fxe5 fxe5 33. Qe3 Rf7 34. Bd3 Rcf8 35. Rf1 Rxf1 36. Bxf1 h4 37. Be2 hxg3 38. Qxg3 Qf7 39. Qh4 Rc8 40. Bg4 Rc7 41. Qd8 Qf4 42. Qxc7+ Kh6 43. Qd7 Qd2+ 44. Kh3 Qe3+ 45. Kg2 Qxe4+ 1-0

[Event "Budapest Titan Cup 1st"]
[Site "Budapest"]
[Date "2017.01.06"]
[Round "1"]
[White "Tran, David"]
[Black "Palagyi, Csaba"]
[Result "1-0"]
[WhiteElo "1525"]
[BlackElo "1921"]
[PlyCount "97"]
[EventDate "2017.01.06"]
[EventType "swiss"]
[EventRounds "5"]
[EventCountry "HUN"]
[SourceTitle "CBM 176 Extra"]
[Source "ChessBase"]
[SourceDate "2017.03.02"]
[SourceVersion "1"]
[SourceVersionDate "2017.03.02"]
[SourceQuality "1"]

1. e4 c5 2. Nc3 Nc6 3. g3 g6 4. Bg2 Bg7 5. d3 d6 6. f4 Nf6 7. Nf3 0-0 8. h3 a6 9. Be3 Qc7 10. 0-0 e6 11. Qd2 Rb8 12. g4 b5 13. Nh4 b4 14. Nd1 Qe7 15. Qf2 Bb7 16. f5 exf5 17. exf5 Nd7 18. g5 gxf5 19. Nxf5 Qe6 20. Nxg7 Kxg7 21. Re1 Nde5 22. Rf1 f5 23. gxf6+ Rxf6 24. Qxf6+ Qxf6 25. Rxf6 Kxf6 26. Nf2 Rg8 27. Ne4+ Ke7 28. Rf1 Rg6 29. Bg5+ Ke6 30. h4 Ng4 31. Bh3 Nce5 32. h5 Rg7 33. Rf6+ Kd7 34. Rxd6+ Kc7 35. Bd8+ Kb8 36. Nxc5 Nh2+ 37. Kf2 Neg4+ 38. Bxg4 Nxg4+ 39. Ke2 Bc8 40. Nxa6+ Kb7 41. Nxb4 Rf7 42. Rb6+ Ka8 43. Nc6 Bb7 44. Bh4 Rf8 45. a4 Re8+ 46. Ne7 Ne5 47. Kd1 Bf3+ 48. Kc1 Rf8 49. Rf6 1-0

[Event "HUN-chT2 Barcza 1617"]
[Site "Hungary"]
[Date "2016.11.27"]
[Round "5.8"]
[White "Gunyecz, Zoltan"]
[Black "Palagyi, Csaba"]
[Result "1/2-1/2"]
[WhiteElo "1958"]
[BlackElo "1895"]
[PlyCount "93"]
[EventDate "2016.09.25"]
[EventType "team-tourn"]
[EventRounds "11"]
[EventCountry "HUN"]
[SourceTitle "EXT 2021"]
[Source "ChessBase"]
[SourceDate "2020.10.23"]
[SourceVersion "1"]
[SourceVersionDate "2020.10.23"]
[SourceQuality "1"]
[WhiteTeam "Nyiregyhaza SISE"]
[BlackTeam "Tiszavasvar"]
[WhiteTeamCountry "HUN"]
[BlackTeamCountry "HUN"]

1. d4 Nf6 2. c4 e6 3. Nf3 b6 4. Bg5 Be7 5. e3 Bb7 6. Be2 0-0 7. 0-0 h6 8. Bh4 Ne4 9. Bxe7 Qxe7 10. Nfd2 f5 11. Qc2 d6 12. Bf3 d5 13. cxd5 exd5 14. g3 c6 15. Bg2 Nd7 16. a3 Rac8 17. b4 Ndf6 18. Nb3 Rce8 19. Re1 Qd6 20. N1d2 Ng4 21. f3 Nxd2 22. Qxd2 Nf6 23. a4 Ba6 24. Qc3 Re7 25. Nd2 Rfe8 26. Qb3 Kh8 27. Kf2 g5 28. Qc3 f4 29. e4 dxe4 30. Nxe4 Nxe4+ 31. fxe4 Qf6 32. Kg1 fxg3 33. hxg3 Rf8 34. Qe3 Qe6 35. Qc3 Qf6 36. e5 Qf2+ 37. Kh2 Ref7 38. b5 Rf3 39. Qxc6 Qxg3+ 40. Kg1 Qf2+ 41. Kh1 Qh4+ 42. Kg1 Qxd4+ 43. Kh1 Qh4+ 44. Kg1 Bb7 45. Qxb7 Qf2+ 46. Kh1 Qh4+ 47. Kg1 1/2-1/2

[Event "Budapest Art Pub op 9th"]
[Site "Budapest"]
[Date "2015.11.22"]
[Round "6"]
[White "Palagyi, Csaba"]
[Black "Lakat, Gyula"]
[Result "1/2-1/2"]
[WhiteElo "1942"]
[BlackElo "1774"]
[PlyCount "70"]
[EventDate "2015.11.20"]
[EventType "swiss"]
[EventRounds "6"]
[EventCountry "HUN"]
[SourceTitle "CBM 169 Extra"]
[Source "ChessBase"]
[SourceDate "2015.12.18"]
[SourceVersion "1"]
[SourceVersionDate "2015.12.18"]
[SourceQuality "1"]

1. e4 c5 2. d4 cxd4 3. c3 dxc3 4. Nxc3 d6 5. Bc4 e6 6. Nf3 Nc6 7. 0-0 Be7 8. Qe2 a6 9. a4 Qc7 10. Be3 b6 11. Rfc1 Bb7 12. Rab1 Nf6 13. b4 Qd8 14. b5 axb5 15. Bxb5 0-0 16. Bxc6 Bxc6 17. Bxb6 Qd7 18. a5 Bd8 19. e5 Nd5 20. Ne4 Nxb6 21. axb6 Bxe4 22. Qxe4 d5 23. Qg4 Rb8 24. Ng5 h6 25. Nh3 Bxb6 26. Nf4 Qe7 27. h4 f5 28. Qg6 Rfe8 29. Nh5 Kh8 30. Kf1 Rg8 31. g3 Qe8 32. Nf4 Qxg6 33. Nxg6+ Kh7 34. Nf4 Bd4 35. Nxe6 Bxe5 1/2-1/2

[Event "Budapest Art Pub op 9th"]
[Site "Budapest"]
[Date "2015.11.21"]
[Round "3"]
[White "Gyarmati, Karoly"]
[Black "Palagyi, Csaba"]
[Result "0-1"]
[WhiteElo "1664"]
[BlackElo "1942"]
[PlyCount "58"]
[EventDate "2015.11.20"]
[EventType "swiss"]
[EventRounds "6"]
[EventCountry "HUN"]
[SourceTitle "CBM 169 Extra"]
[Source "ChessBase"]
[SourceDate "2015.12.18"]
[SourceVersion "1"]
[SourceVersionDate "2015.12.18"]
[SourceQuality "1"]

1. Nf3 Nf6 2. c4 g6 3. d4 Bg7 4. Nc3 0-0 5. g3 d6 6. Bg2 Nbd7 7. 0-0 c6 8. Bf4 Nh5 9. Be3 e5 10. dxe5 Nxe5 11. Nxe5 Bxe5 12. Bd4 Qe7 13. Bxe5 dxe5 14. Ne4 Rd8 15. Qb3 f5 16. Nc3 Be6 17. Rac1 Rd4 18. Qc2 Bxc4 19. Rfd1 Rad8 20. Rxd4 exd4 21. Na4 Bd5 22. Nc5 Nf6 23. Re1 Bxg2 24. Kxg2 b6 25. Nb3 c5 26. Kf1 Ng4 27. h3 Ne5 28. Nd2 Qb7 29. Kg1 Qd5 0-1